| 000 | 01335nab a22002537a 4500 | ||
|---|---|---|---|
| 999 |
_c6579 _d6579 |
||
| 003 | OSt | ||
| 005 | 20260225133442.0 | ||
| 008 | 190506c xxu||||| |||| 00| 0 spa d | ||
| 040 | _cPJ | ||
| 100 |
_96814 _aSala Sarmiento, Cristian M. |
||
| 245 | 1 | 0 |
_aAnálisis económico y jurídico del art. 12 de la Ley de Riesgos del Trabajo. ¿Una luz al final del camino? / _cCristian M. Sala Sarmiento. |
| 260 |
_aBuenos Aires : _bAbeledoPerrot, _c2025. |
||
| 300 | _ap. 17-24 | ||
| 500 | _aCita: TR LALEY AR/DOC/541/2025. | ||
| 505 | _aSumario: I. Introducción.— II. Desarrollo del tema.— III. El ingreso base mensual. No necesidad de declarar la inconstitucionalidad del art. 12, LRT.— IV. Comparación económica con la aplicación de las normas involucradas sobre el apart. 2°, art. 12 de la LRT. Línea de tiempo. Casos testigos.— V. Conclusiones. | ||
| 505 | _t¿Te interesa el texto completo? Comunicate al correo: koha@justierradelfuego.gov.ar | ||
| 650 | 0 |
_91316 _aDERECHO LABORAL |
|
| 650 | 0 |
_91482 _aLEY SOBRE RIESGOS DEL TRABAJO |
|
| 650 | 0 |
_94425 _aACCIDENTE IN ITINERE |
|
| 650 | 0 |
_91417 _aACCIDENTES DE TRABAJO |
|
| 650 | 0 |
_94318 _aINDEMNIZACIÓN POR INCAPACIDAD |
|
| 773 | 0 |
_02751 _93202 _dBuenos Aires : AbeledoPerrot, 2013- _tRevista de derecho laboral y seguridad social. Nº 8 - Abril 2025 |
|
| 942 |
_2udc _cANA |
||